| 000 | 00418nam a2200145 a 4500 | ||
|---|---|---|---|
| 005 | 20140412111415.0 | ||
| 008 | 070706s19uu xx 00 eng d | ||
| 020 | _a1-56189-369-2 | ||
| 050 |
_aTR(GS 372.19 _bC73 2001 |
||
| 245 |
_aComprehensive Curriculum of basic skills : _bGrade 2. |
||
| 260 |
_aOhio : _bSchool specialty publishing, _c2001. |
||
| 300 | _a544 | ||
| 650 | _aReading Comprehension | ||
| 999 |
_c105804 _d105804 |
||